Giúp con tập làm người lớn
Cuốn sách nhằm cung cấp những kiến thức và kỹ năng cần thiết để gần gũi hơn với con cái và qua đó chăm sóc, giáo dục trẻ vị thành niên tốt hơn.
Uloženo v:
| Korporativní autor: | |
|---|---|
| Médium: | Kniha |
| Jazyk: | Undetermined |
| Vydáno: |
Hà Nội
Thanh niên
2004
|
| Témata: | |
| Tagy: |
Přidat tag
Žádné tagy, Buďte první, kdo otaguje tento záznam!
|
| Thư viện lưu trữ: | Trung tâm Học liệu Trường Đại học Cần Thơ |
|---|
| LEADER | 00859nam a2200205Ia 4500 | ||
|---|---|---|---|
| 001 | CTU_121963 | ||
| 008 | 210402s9999 xx 000 0 und d | ||
| 082 | |a 649.125 | ||
| 082 | |b Gi521 | ||
| 110 | |a Báo Yêu trẻ | ||
| 245 | 0 | |a Giúp con tập làm người lớn | |
| 245 | 0 | |c Nhiều tấc giả | |
| 260 | |a Hà Nội | ||
| 260 | |b Thanh niên | ||
| 260 | |c 2004 | ||
| 520 | |a Cuốn sách nhằm cung cấp những kiến thức và kỹ năng cần thiết để gần gũi hơn với con cái và qua đó chăm sóc, giáo dục trẻ vị thành niên tốt hơn. | ||
| 650 | |a Child care,Child rearing,Children,Children,Trẻ em | ||
| 650 | |x Education,Health and hygiene,Sức khỏe và vệ sinh | ||
| 904 | |i Thủy | ||
| 980 | |a Trung tâm Học liệu Trường Đại học Cần Thơ | ||